Statistics for Love me like you - Little mix, lyrics

Click here to take the quiz!

General Stats

  • This quiz has been taken 20 times
  • The average score is 344 of 385

Answer Stats

Answer% Correct
A
100%
Do
100%
Don’t
100%
(I
100%
I
100%
(L
100%
L
100%
Like
100%
Love
100%
Me
100%
Me)
100%
Me,
100%
So
100%
The
100%
They
100%
When
100%
You
100%
Ain’t
93%
Baby
93%
Baby,
93%
Bed
93%
Blue
93%
But
93%
Can
93%
Can’t
93%
Clue
93%
E)
93%
E
93%
Find
93%
Go
93%
Got
93%
In
93%
It
93%
Last
93%
Need
93%
New
93%
Night,
93%
Night
93%
Number
93%
O
93%
One
93%
To
93%
Tried
93%
Try
93%
And
86%
Car
86%
My
86%
Of
86%
Other
86%
Realized
86%
Romance
86%
Somebody
86%
That
86%
Those
86%
Truth
86%
Want)
86%
Want
86%
Your
86%
Biggest
79%
Boy,
79%
(Boy,
79%
Buy
79%
Come
79%
Dreaming
79%
Drive
79%
Give
79%
He
79%
I’m
79%
It’s
79%
Laid
79%
Nasty
79%
(That’s
79%
That’s
79%
V
79%
Way
79%
What
79%
Wild
79%
Cash
71%
‘Cause
71%
Darling,
71%
Day
71%
Day)
71%
Every
71%
Lot
71%
Numbers
71%
Save
71%
With
71%
You’re
71%
For
64%
Man
64%
Mean
64%
Might
64%
Miles
64%
Or
57%
Really
57%
Said
57%
Who
57%
Boys
50%
Dealing
50%
Enough
50%
Get
50%
Lovers
50%
Never
50%
These
50%
Could
43%
Now
43%
Used
43%
Pouring
36%
Were
36%
Out
29%

Score Distribution

Percentile by Number Answered

Percent of People with Each Score

Your Score History

You have not taken this quiz